XIXe ou XXe siècle ? - Statistiques

Statistiques générales
  • Ce quiz a été pris 98 fois
  • Le résultat moyen est 10 sur 15
Statistiques - réponses
Question Réponse % Correct
Publication de la théorie de la Relativité Restreinte par Albert Einstein XXè siècle
100%
Naufrage du Titanic XXè siècle
89%
Émile Zola publie dans l’Aurore, « J'accuse… ! », texte en faveur de Dreyfus XIXè siècle
85%
Création du Penseur de Rodin XIXè siècle
85%
Première traversée en avion sans étapes de l'Atlantique Nord XXè siècle
70%
Création du personnage de Sherlock Holmes XIXè siècle
67%
Indépendance du Brésil XIXè siècle
67%
Inauguration du Canal de Panama XXè siècle
67%
Dernier roman des Rougon-Macquart XIXè siècle
59%
Mandat présidentiel de Theodore Roosevelt XXè siècle
59%
Pie X est élu pape XXè siècle
56%
Mort de la Reine Victoria XXè siècle
56%
Création de l'Equipe de France masculine de football XXè siècle
44%
Création du Prix Nobel XXè siècle
41%
Premier véhicule automobile à dépasser les 100km/h XIXè siècle
22%
Aucun quiz correspondant
Distribution des résultats
% des personnes avec chaque résultat
Percentile par nombre de réponses
Votre historique - résultats
Vous n’avez pas pris ce quiz